Most Popular Car Brands in Germany (2023 sales) - Statistics

General Stats
  • This quiz has been taken 63 times
  • The average score is 12 of 15
Answer Stats
First letter Rank Answer % Correct
M 2 MERCEDES
98%
A 3 Audi
96%
B 4 BMW
96%
V 1 Volkswagen
96%
F 8 Ford
84%
H 9 HYUNDAI
82%
O 6 Opel
82%
K 12 Kia
77%
T 11 TOYOTA
77%
R 14 RENAULT
75%
S 5 Skoda
71%
S 7 Seat
70%
F 10 Fiat
68%
D 13 Dacia
61%
T 15 Tesla
57%
No matching quizzes found
Score Distribution
Percent of People with Each Score
Percentile by Number Answered
Your Score History
You have not taken this quiz